Loading...
| Literature - American | 0 | 5 | 0 | 0 | 50 | 72 | 106.20 | 3 | 5 | 0.00 | 0.00 |
| Literature - British | 0 | 5 | 1 | 1 | 45 | 102 | 117.80 | 3 | 5 | 0.00 | 0.00 |
| Literature - World | 0 | 4 | 0 | 1 | 40 | 119 | 135.25 | 1 | 3 | 0.00 | 0.00 |
| Literature - European | 0 | 4 | 0 | 0 | 40 | 93 | 104.25 | 2 | 4 | 0.00 | 0.00 |
| Fine Arts - Classical Music | 0 | 3 | 0 | 3 | 30 | 127 | 132.00 | 0 | 1 | 0.00 | 0.00 |
| Philosophy | 0 | 2 | 0 | 1 | 20 | 101 | 116.00 | 0 | 2 | 0.00 | 0.00 |
| Social Science | 0 | 2 | 0 | 0 | 20 | 108 | 109.50 | 1 | 2 | 0.00 | 0.00 |
| Fine Arts - Painting and Sculpture | 0 | 2 | 0 | 0 | 20 | 51 | 80.00 | 1 | 2 | 0.00 | 0.00 |
| Fine Arts - Other | 0 | 2 | 1 | 1 | 15 | 144 | 145.50 | 1 | 2 | 0.00 | 0.00 |
| History - World | 0 | 1 | 0 | 1 | 10 | 139 | 139.00 | 0 | 1 | 0.00 | 0.00 |
| Religion | 0 | 1 | 0 | 0 | 10 | 102 | 102.00 | 0 | 1 | 0.00 | 0.00 |
| History - European | 0 | 1 | 0 | 1 | 10 | 137 | 137.00 | 1 | 1 | 0.00 | 0.00 |